Romance treasury / (Record no. 9214)
[ view plain ]
| 000 -LEADER | |
|---|---|
| fixed length control field | 00869nam a2200277 a 4500 |
| 001 - CONTROL NUMBER | |
| control field | 4772975 |
| 003 - CONTROL NUMBER IDENTIFIER | |
| control field | SISC |
| 005 - DATE AND TIME OF LATEST TRANSACTION | |
| control field | 20160307153141.0 |
| 008 - FIXED-LENGTH DATA ELEMENTS--GENERAL INFORMATION | |
| fixed length control field | 860116s1985 onca 000 1 eng |
| 010 ## - LIBRARY OF CONGRESS CONTROL NUMBER | |
| LC control number | 86105462 |
| 020 ## - INTERNATIONAL STANDARD BOOK NUMBER | |
| International Standard Book Number | 0373041225 |
| 040 ## - CATALOGING SOURCE | |
| Original cataloging agency | DLC |
| Transcribing agency | DLC |
| Modifying agency | DLC |
| 050 00 - LIBRARY OF CONGRESS CALL NUMBER | |
| Classification number | PR 1309.L68 |
| Item number | .R66 1956 |
| 082 00 - DEWEY DECIMAL CLASSIFICATION NUMBER | |
| Classification number | HS 823.08508 |
| Item number | R66 1984 |
| 245 00 - TITLE STATEMENT | |
| Title | Romance treasury / |
| 260 ## - PUBLICATION, DISTRIBUTION, ETC. (IMPRINT) | |
| Place of publication, distribution, etc | Toronto : |
| Name of publisher, distributor, etc | Romance Treasury Association, |
| Date of publication, distribution, etc | c1956. |
| 300 ## - PHYSICAL DESCRIPTION | |
| Extent | 571 p. : |
| Other physical details | ill. ; |
| Dimensions | 18 cm. |
| 650 #0 - SUBJECT ADDED ENTRY--TOPICAL TERM | |
| Topical term or geographic name as entry element | Love stories, English. |
| 9 (RLIN) | 12829 |
| 650 #0 - SUBJECT ADDED ENTRY--TOPICAL TERM | |
| Topical term or geographic name as entry element | English fiction |
| Chronological subdivision | 20th century. |
| 9 (RLIN) | 12830 |
| 700 12 - ADDED ENTRY--PERSONAL NAME | |
| Personal name | Barrie, Susan. |
| Title of a work | Wild sonata. |
| Date of a work | 1985. |
| 9 (RLIN) | 12831 |
| 700 12 - ADDED ENTRY--PERSONAL NAME | |
| Personal name | Mutch, Karin. |
| Title of a work | Eve's own Eden. |
| Date of a work | 1985. |
| 9 (RLIN) | 12832 |
| 700 12 - ADDED ENTRY--PERSONAL NAME | |
| Personal name | Whittal, Yvonne. |
| Title of a work | Where seagulls cry. |
| Date of a work | 1985. |
| 9 (RLIN) | 12833 |
| 906 ## - LOCAL DATA ELEMENT F, LDF (RLIN) | |
| a | 7 |
| b | cbc |
| c | orignew |
| d | 3 |
| e | ncip |
| f | 19 |
| g | y-gencatlg |
| 942 ## - ADDED ENTRY ELEMENTS (KOHA) | |
| Source of classification or shelving scheme | Library of Congress Classification |
| Koha item type | Books |
| Withdrawn status | Lost status | Source of classification or shelving scheme | Damaged status | Home library | Current library | Shelving location | Date acquired | Total Checkouts | Full call number | Barcode | Checked out | Date last seen | Date checked out | Copy number | Price effective from | Koha item type |
|---|---|---|---|---|---|---|---|---|---|---|---|---|---|---|---|---|
| Library of Congress Classification | Luxembourg Library | Luxembourg Library | High School Section | 08/23/2013 | 1 | PR 1309.L68 .R66 1956 | 5714 | 10/23/2025 | 10/16/2025 | 10/16/2025 | 1 | 08/23/2013 | Books |